[Event "Ubeda m"]
[Site "Ubeda"]
[Date "1994.??.??"]
[Round "6"]
[White "Karpov, Anatoly"]
[Black "Lautier, Joel"]
[Result "1/2-1/2"]
[WhiteElo "2780"]
[BlackElo "2645"]
[Annotator "Wahls,M"]
[PlyCount "104"]
[EventDate "1994.11.??"]
[EventType "match"]
[EventRounds "6"]
[EventCountry "ESP"]
[SourceTitle "CBM 045"]
[Source "ChessBase"]
[SourceDate "1995.04.01"]
[SourceVersion "1"]
[SourceVersionDate "1995.04.01"]
[SourceQuality "1"]

1. e4 c5 2. Nf3 e6 (2... Nc6 3. d4 cxd4 4. Nxd4 Nf6 5. Nc3 e5 6. Ndb5 d6 7. Bg5
a6 8. Na3 b5 9. Nd5 Be7 10. Bxf6 Bxf6 11. c3 {This is the same position as
after 12.c in the main line.} O-O (11... Bb7 {Chekhov} 12. Bd3 $6 $146 (12. Nc2
) 12... Nb8 13. Nc2 Nd7 14. a4 bxa4 15. Rxa4 Bg5 16. O-O O-O 17. Ra2 a5 18. Bc4
Nb6 $1 $10 {Beliavsky,A-Shirov,A/Linares(1)/1994/0,5 (56)/}) 12. Nc2 Rb8 13. a3
$1 {Lanka,Z} (13. Bd3 {Kaminsky,M-Vaisser,A/Groningen op/1993/0-1/ ;CBM 39}) (
13. h4 $1 {Kasparov} Ne7 (13... g6 14. Qd2 Bg7 15. h5 Be6 16. Nce3 Ne7 17. g3
Nxd5 18. Nxd5 Rc8 19. Rd1 Rc5 20. Ne3 Rc6 21. b3 Qa8 22. Bh3 {Shmuter,
L-Beshukov,S/Sochi/1993/}) 14. Nxf6+ $1 (14. Nce3 Nxd5 15. Nxd5 Bb7 16. g3 b4
17. c4 Bxd5 18. Qxd5 Qb6 19. Rd1 Bd8 20. Qxd6 b3 21. a3 Qa7 22. Rd5 Be7 23.
Qxe5 Bf6 $13 {Smagin,S-Gorelov,S/URS/1982/}) 14... gxf6 15. Bd3 $1 {Kasparov,
G-Lautier,J/Moscow olm/1994/1-0/ CBM 45}) 13... a5 (13... Bg5 14. h4 $1 (14. g3
Ne7 15. Ncb4 a5 16. Nxe7+ Qxe7 17. Nd5 Qb7 18. Qd3 Be6 19. Rd1 b4 20. cxb4 Bxd5
21. Qxd5 Qxd5 22. Rxd5 axb4 23. Bb5 Rfc8 24. O-O Bc1 25. axb4 Bxb2 26. Ba6 Rc2
27. Rxd6 Ba3 28. Rd3 Bxb4 29. Rb1 g6 {1/2-1/2 Lau,R-Sareen,V/London Lloyds (06)
;EXP 43 1994}) 14... Bh6 15. g3 (15. g4 Bf4 16. Qf3 Be6 17. Nxf4 Qf6 18. g5
Qxf4 19. Qxf4 exf4 20. O-O-O Rfd8 21. Nb4 Nxb4 22. axb4 Bb3 23. Rd4 d5 24. exd5
Rxd5 25. Rxd5 Bxd5 26. Rg1 Bf3 27. Bd3 Re8 28. Kd2 g6 29. b3 Rb8 30. Rb1 Bg4
31. Kc2 Rd8 32. Ra1 Rd6 33. c4 Bd7 34. Re1 f6 35. c5 Re6 36. Rxe6 Bxe6 37. Be4
Bc8 38. Bd5+ Kg7 39. Kd3 h6 40. gxh6+ Kxh6 41. Ba8 Bf5+ 42. Kd4 Kh5 43. Bb7
Kxh4 44. Be4 Bc8 45. Bxg6 f5 46. Be8 Kg5 47. Ke5 f3 48. c6 {1-0 Grimberg,
G-Nepomiachty,A/Paris-ch (05) ;TD 93\04 1993}) 15... Be6 16. Ncb4 Bxd5 17. Nxd5
a5 18. b4 a4 19. Bh3 g6 20. O-O f5 21. exf5 Rxf5 22. Bxf5 gxf5 23. Qh5 Qf8 24.
f4 exf4 25. gxf4 Bg7 26. Rae1 Qf7 27. Qf3 Re8 28. h5 Re4 29. Rxe4 fxe4 30. Qxe4
Qxh5 31. Qe6+ Qf7 32. Qc8+ Bf8 33. Qxc6 Qg6+ 34. Kf2 {1-0 Lanka,Z-Laduguie,P/
Cannes op 1992}) (13... Ne7 $5 {Horvath,T} 14. Nxf6+ gxf6 15. Ne3 f5 $13) (
13... Be6 {Chekhov} 14. Ncb4 $1 Nxb4 15. axb4 $16) 14. Bd3 (14. h4 Ne7 $1 (
14... g6 15. g3 (15. Nce3 {Chekhov} b4 $5) (15. h5 {Chekhov} Bg5) 15... Bg7 (
15... h5 $5 16. Bh3 Be6 (16... Bxh3 17. Rxh3 Bg7 18. g4 $1 $40) 17. Nce3 Bg7
18. g4 $1 Qxh4 19. gxh5 Bxd5 (19... Qxe4 $2 20. Bg2 Qa4 21. b3 $18) (19... Bxh3
20. Qf3) 20. Bg2 $1 Qg5 21. Qxd5 Ne7 22. Qd1 $14) 16. h5 Ne7 (16... Be6 {
Horvath,T} 17. hxg6 hxg6 18. Nce3 b4 19. cxb4 axb4 20. a4 Nd4 21. Bc4 $14) (
16... Qg5 {Ftacnik} 17. Bh3 Be6 18. hxg6 hxg6 19. Nce3 Rb7 20. Qd3 Rfb8 21. Rd1
Bf8 22. Qf1 f5 $10 {Borm,F-King,D/Amsterdam/1982/}) 17. hxg6 hxg6 (17... fxg6
18. Bh3 $14 (18. Nce3 {Chekhov} Kh8 19. Bh3 Bb7)) 18. Nce3 Nxd5 19. Nxd5 Be6
20. Bh3 Bxd5 $2 (20... Qd7 21. Bxe6 fxe6 22. Ne3 Qf7 (22... Rbd8 {Chekhov} 23.
Qg4 Qf7) 23. Qe2 d5 24. Rd1 $1 $14 {/\} dxe4 25. Rh4 $1) (20... Qg5 $5 {Ftacnik
}) (20... f5 {Chekhov} 21. exf5 gxf5 22. Bg2 {/\Qh5|^/}) 21. Qxd5 $16 Qc7 (
21... Qb6 $5) (21... Qb6 $5) 22. O-O Rfd8 23. Rfd1 Bh6 $6 (23... Kf8 $142 $16)
(23... Kf8 $16) (23... Qc5 {Ftacnik} 24. Bf1 $1 {xb5}) (23... Bf8 {Chekhov} 24.
Bf1 Qb6) 24. Bf1 Qb7 $6 (24... Qd7 25. b4 $1 axb4 26. axb4 $16) (24... Qb6 25.
Qb3 a4 26. Qc2 $16 {/\ Rd5}) (24... Qc5 25. Rd3 $16) 25. Qxb7 Rxb7 26. Rd5 b4 (
26... f5 27. exf5 gxf5 28. Bxb5 Kf7 29. a4 $1 Ke6 30. Bc4 $18 {/\ b3}) (26...
Rdb8 {Ftacnik} 27. Rxd6 $16) 27. cxb4 axb4 28. a4 $18 Kf8 29. a5 Bg5 $6 (29...
Ke7 {Chekhov} 30. a6 Ra7 31. Rb5 Bd2 32. Rd1 $18) 30. a6 (30. a6 Rb6 31. Rb5 {
1-0 Shirov,A-Illescas Cordoba,M/Linares (04) ;CBM 40 1994}) (30. a6 Ra7 {
Ftacnik} 31. Ra4 b3 32. Rb4 $18) 30... Rb6 31. Rb5 {1-0 Shirov,A-Illescas
Cordoba,M/Linares 60/169 1994}) (14... Be6 {Chekhov} 15. Nxf6+ Qxf6 16. Qxd6) (
14... Kh8 $5 {Chekhov}) 15. Nce3 (15. Nxf6+ gxf6 16. Ne3 f5 $13) 15... Nxd5 16.
Nxd5 Be6 (16... Bb7 $2 17. Bxb5) 17. g3 (17. Nxf6+ Qxf6 18. Qxd6 Rfd8 19. Qc5
b4 $5 20. Be2 (20. Qxa5 $2 Qf4 $19) 20... Rdc8 21. Qxa5 bxc3 22. b4 (22. bxc3
$2 Rb2 $17) 22... c2 (22... Bc4 $5) 23. O-O Qf4 24. Rac1 Qxe4 25. Rfe1 Qxh4 26.
Qxe5 $13) 17... Qd7 18. Bg2 Bd8 19. O-O Bb6 20. Qd2 Rfc8 21. Rfd1 Bxd5 22. Qxd5
b4 23. axb4 axb4 24. Qxd6 Qg4 $1 25. Qd3 (25. Qxe5 $2 bxc3 26. bxc3 Bxf2+ $1
27. Kxf2 Rb2+ 28. Kg1 Qe2 $19) 25... bxc3 26. bxc3 g6 27. Rab1 Rd8 28. Qf3
Rxd1+ 29. Rxd1 Qxf3 30. Bxf3 (30. Bxf3 Rc8 {1/2-1/2 Kasparov,G-Kramnik,V/
Moscow PCA 1(25') 1994}) 30... Rc8 {1/2-1/2 Kasparov,G-Kramnik,V (01)/Moscow
PCA 25' (02) ;CBM 41 1994}) (14. g3 $5 Ne7 15. Nce3 Be6 16. Bg2 Nxd5 (16... Bg5
17. Nxe7+ Qxe7 18. Nd5 Bxd5 19. Qxd5 b4 20. cxb4 axb4 21. a4) 17. Nxd5 Qd7 18.
O-O {Im Vergleich zu Kasparov-Kramnik hat Weiß h4 eingespart.}) 14... Be6 15.
Qe2 Bxd5 16. exd5 Ne7 17. O-O-O $1 $14 Qb6 (17... Nxd5 18. Bxh7+ (18. Qe4 Bg5+)
18... Kxh7 19. Rxd5 $16) 18. Kb1 g6 (18... Qc5 $5 19. Qf3 $1 {/\ h4, g4+/=->} (
19. Be4 g6 20. g4 Bh4 $1)) 19. h4 $1 (19. Be4 Bg7 20. g4 f5 21. gxf5 (21. Bg2
e4 22. gxf5 Rxf5) 21... gxf5 22. Bg2 Ng6 $13 {/\ b4->}) 19... Bg7 (19... Nxd5
$5 20. Qf3 Nf4 (20... b4 21. cxb4 axb4 22. Qxd5 bxa3 23. b4) 21. g3 Nxd3 22.
Rxd3 Bg7 23. Rhd1 Rfd8 24. g4 $1 $14) 20. h5 f5 (20... Nxd5 21. hxg6 hxg6 22.
Bxg6 Nxc3+ 23. bxc3 fxg6 24. Qd3 $16) 21. hxg6 hxg6 (21... e4 22. Rxh7) 22. g4
$1 $16 {->} e4 23. gxf5 exd3 (23... gxf5 24. Rdg1 $1 exd3 $2 25. Qe6+ Rf7 26.
Rxg7+ $1 Kxg7 27. Qh6+ Kg8 28. Qh8#) 24. Qe6+ Rf7 25. Rxd3 (25. Nd4 b4 $1 26.
Nc6 bxc3 27. Nxe7+ Kf8 28. Nxg6+ Kg8 29. Ne7+ $10) 25... Kf8 (25... Nxf5 26.
Qxg6 Rf6 27. Qh7+ Kf7 28. Qh5+ Ke7 29. Nd4 $1 $40) 26. Rdh3 $1 (26. fxg6 Rf6)
26... gxf5 27. Nd4 $1 $18 b4 (27... Rf6 28. Rh8+ Bxh8 29. Rxh8+ Kg7 30. Qxe7+
Rf7 31. Rh7+ Kxh7 32. Qxf7+ Kh8 33. Qf6+ $18) 28. Nc6 bxc3 (28... Nxc6 29. Rh8+
Bxh8 30. Rxh8+ Kg7 31. Qh6#) 29. Rh8+ Bxh8 30. Rxh8+ Ng8 31. Qh6+ $1 Rg7 32.
Qxd6+ Kf7 33. Qe6+ Kf8 34. Rxg8+ $1 {1-0 Bologan,V-Redon,B/France 60/168 1994})
3. d4 cxd4 4. Nxd4 Nf6 5. Nc3 Nc6 6. Ndb5 d6 7. Bf4 e5 8. Bg5 a6 9. Na3 b5 10.
Nd5 Be7 11. Bxf6 Bxf6 12. c3 O-O 13. Nc2 Rb8 14. a3 $5 {Lanka; -> cf. above 2..
.Nc6/13.a3 a5 (13...Be6, 13...Bg5, 13...Ne7)} (14. h4 $1 {Kasparov; cf. above
2...Nc6/13.h4}) 14... Ne7 $1 {Horvath,T} 15. Ncb4 {Preventing the idea Ne3
Bg5! /\Bxe3.} (15. Nce3 Be6 16. Be2 Bg5 $1 17. Nxe7+ Qxe7 18. Nd5 Qd7 $10) (15.
Nxf6+ gxf6 16. Ne3 f5 $1 $13 {Horvath,T}) 15... Bb7 16. Be2 (16. g3 a5 17.
Nxe7+ Qxe7 18. Nd5 Bxd5 19. Qxd5 Rfc8) 16... Ng6 17. g3 a5 18. Nc2 (18. Nxf6+
gxf6 19. Nd5 Bxd5 20. Qxd5 Ne7 21. Qd3 b4 22. O-O (22. cxb4 axb4 23. O-O Nc6
24. Rfc1 Nd4) 22... bxa3 23. bxa3 Qc7 $10) 18... Bxd5 19. Qxd5 Ne7 20. Qd3 d5
21. Rd1 g6 22. O-O (22. exd5 Qd6 23. O-O Rfd8 24. a4 $2 (24. Bf3 Bg7 $1 (24...
Bg5 25. b4 (25. Bg2 f5 26. Qe2 e4 27. Nd4) 25... f5) 25. Bg2 f5 26. Qe2 Qc5 27.
Qe3 Qc7 28. Rd2 Rb6 29. Rfd1 Rbd6 30. Qe2 Qc5 31. Ne3 e4 32. Bf1 Rb8 33. Kh1
Bh6) 24... bxa4 25. Ne3 Bg5) 22... dxe4 23. Qxe4 Qc7 $10 24. Ne3 Bg7 25. Nd5
Nxd5 26. Rxd5 b4 27. cxb4 axb4 28. a4 b3 29. Rb1 Rfd8 30. Bb5 Qc2 31. Bd3 Qd2
32. a5 Rxd5 33. Qxd5 e4 34. Bxe4 Qxd5 35. Bxd5 Rb5 36. Rd1 Rxa5 37. Bxb3 Bxb2
38. Rd7 Rf5 39. f4 h6 40. Kg2 g5 41. Kf3 gxf4 42. g4 Rf6 43. h4 Kf8 44. g5 hxg5
45. hxg5 Rf5 46. Kg4 Rb5 47. Bc4 Rc5 48. Rxf7+ Ke8 49. Be6 Re5 50. Ba2 Ra5 51.
Bc4 Rc5 52. Rxf4 Rxg5+ 1/2-1/2

[Event "RUS-ch"]
[Site "Krasnodar"]
[Date "2002.09.03"]
[Round "8"]
[White "Inarkiev, Ernesto"]
[Black "Yakovich, Yuri"]
[Result "1/2-1/2"]
[WhiteElo "2545"]
[BlackElo "2586"]
[Annotator "Yakovich,Y"]
[PlyCount "75"]
[EventDate "2002.08.27"]
[EventType "swiss"]
[EventRounds "9"]
[EventCountry "RUS"]
[SourceTitle "CBM 091"]
[Source "ChessBase"]
[SourceDate "2002.11.12"]
[SourceVersion "1"]
[SourceVersionDate "2002.11.12"]
[SourceQuality "1"]

1. e4 {Rogozenko} c5 2. Nf3 Nc6 3. d4 cxd4 4. Nxd4 Nf6 5. Nc3 e5 6. Ndb5 d6 7.
Bg5 a6 8. Na3 b5 9. Nd5 Be7 10. Bxf6 Bxf6 11. c3 O-O 12. Nc2 Bg5 13. a4 bxa4
14. Rxa4 a5 15. Bc4 Rb8 16. b3 Kh8 17. O-O f5 18. f3 $6 {This continuation was
met in the game Bologan-Nataf, Moscow (m1) 2001. This move looks logically -
White keeps the pawn on e4 and strengthen the centre. But it has considerable
lacks: khight c2 can not enter into the game. Rogozenko: 'If I am not wrong,
this idea was developed by Zigurds Lanka and played on the high level by
Bologan against Nataf in the end of 2001, (one must add that the move 18.f3
was met before in an insignificant game, though). White's point is to keep a
pawn on e4 in order to limit opponent's counterplay in the center.'} (18. exf5
{(Rogozenko) is the main line with much theory, leading to equal positions.})
18... fxe4 {'!' Rogozenko. Rogozenko: 'The most precise answer, opening the
f-file. As Nataf proved, Black can fight immediately for the initiative on the
kingside and that's why the whole idea of 18.f3 doesn't work out so well.'} 19.
fxe4 Rxf1+ 20. Qxf1 Ne7 $5 $146 {Rogozenko: 'One way or another Black should
try to bring his rook to f8 as quick as possible.'} ({Nataf played} 20... Be6 {
, but text move is stronger - Black changes bad knight c6.} 21. b4 axb4 22.
Ndxb4 Bxc4 23. Qxc4 Nxb4 24. Nxb4 Be3+ 25. Kh1 Qh4) 21. Qd3 Nxd5 $1 22. Bxd5
Bb7 $1 {[%csl Rb3,Rc2,Re4] The point of Black's strategy. White pawns e4 and
b3 are weaker than black pawns a5 and d6, and "bad" bishop on g5 is stronger
than knight on c2. e4, b3} (22... Bd7 {Rogozenko} 23. Ra1 Qb6+ 24. Kh1 Rf8 25.
Rf1 {right in time. After the trade of rooks White's chances are slightly
preferable thanks to the possibility to create a passed pawn on the b-file.})
23. Kh1 (23. Bxb7 $2 Qb6+ $1 24. Kh1 Qxb3 25. Ra1 Qxb7 $17) 23... Qb6 24. Bc4
$1 (24. b4 Bxd5 25. exd5 Qf2 $1 26. Rxa5 e4 27. Qd1 Bd2 $5 $36) 24... Qc6 $5 (
24... Qf2 $5 {also deserves a serious attention:} 25. Ra1 (25. Rxa5 $2 Qf4 $1
$17) 25... Qd2 $1 $15) (24... Rf8 $5 {Rogozenko}) 25. Bd5 Ba6 $1 26. Bxc6 (26.
Qg3 $2 Qxa4 $1 {'!?' Rogozenko.} 27. bxa4 Rb1+ 28. Ne1 (28. Qe1 {Rogozenko}
Rxe1+ 29. Nxe1 Bd2 30. Nf3 Bxc3 31. Ng5 g6 32. Nf7+ Kg7 33. Nxd6 $11) 28... Bd2
29. Kg1 (29. h4 Bxe1) 29... Rxe1+ 30. Kf2 Rf1#) 26... Bxd3 27. Ne1 Rxb3 (27...
Bb5 28. Bxb5 Rxb5 29. b4 $1 Bd2 30. Nc2 Bxc3 31. Rxa5 Rxa5 32. bxa5 Bxa5 33.
Ne3 $11) 28. h4 $8 {Rogozenko: 'White is able to save half a point using some
tactical tricks. It is rather usual for the entire 9.Nd5-line: in case that
Black takes over the initiative, still White has good chances to escape thanks
to his better control in the center, even being material down (pawn d6 plays
little role, for instance).' !} (28. Rxa5 g6 29. h4 Rb1 (29... Bf4 30. g3 Rb1
31. gxf4 Rxe1+ 32. Kg2 exf4 $15) 30. hxg5 Rxe1+ 31. Kh2 Bxe4 $17) 28... Bf4 (
28... Rb1 29. hxg5 Rxe1+ 30. Kh2 Kg8 31. Bd5+ Kf8 32. Kg3 $1 $11) 29. g3 $1 Rb1
30. gxf4 Rxe1+ 31. Kg2 exf4 32. Rd4 $1 Bc2 (32... Re3 $6 33. e5 $1 d5 $8 34.
Bxd5 $13) 33. Rxd6 g5 $6 $138 {Mistake in timetrouble.} (33... Rd1 {is not
clear in view of} 34. Re6 $1 (34. Bd5 $4 Bxe4+) (34. e5 Kg8 $1 35. c4 Rxd6 36.
exd6 Kf8 (36... Kf7 $5) 37. c5 a4 38. Bd5 Bb3) 34... Rd8 35. Bd5 $13) ({
But after natural} 33... g6 $5 {Black keeps good chances to win the game:} 34.
Kf3 (34. Rf6 Re3 $17 (34... Bxe4+ $2 35. Kf2)) 34... Rf1+ 35. Ke2 Rh1 36. e5
Rh3 $1 (36... Rxh4 $2 37. e6 Rh3 38. e7 Re3+ 39. Kd2) 37. e6 (37. c4 Bb3) 37...
Re3+ 38. Kf2 (38. Kd2 Bb3) 38... Kg7 $1 (38... Bb3 39. Bd5 $5) 39. Bd5 Kf6 40.
Rd7 Bf5 41. Rf7+ Ke5 $19) 34. hxg5 Bxe4+ 35. Kf2 Re3 36. Bxe4 Rxe4 37. Kf3 Rc4
38. Ra6 1/2-1/2